[Event "London Classic Superrapid"]
[Site "London ENG"]
[Date "2015.12.13"]
[Round "9.13"]
[White "Fodor, Tamas Jr."]
[Black "Jones, Gawain C B"]
[Result "1-0"]
[WhiteTitle "GM"]
[BlackTitle "GM"]
[WhiteElo "2491"]
[BlackElo "2615"]
[WhiteFideId "723762"]
[BlackFideId "409561"]
[EventDate "2015.12.12"]

1. d4 Nf6 2. Bg5 d5 3. e3 c5 4. Nc3 Nc6 5. Bxf6 gxf6 6. Qh5 e6 7. O-O-O Bd7 8.
Nge2 cxd4 9. exd4 Bb4 10. Kb1 Qe7 11. h4 O-O-O 12. Rh3 Kb8 13. Re3 Qf8 14. f4
Ne7 15. a3 Nf5 16. Rh3 Be7 17. Qf3 Nd6 18. Nc1 Rc8 19. Nb3 f5 20. Qe3 h5 21. Qe1
Rg8 22. Re3 Nc4 23. Nxd5 Nxe3 24. Nxe3 Ba4 25. Nd2 Qd8 26. Ndc4 Bxh4 27. Qe2 Qc7
28. b3 Bc6 29. Qxh5 Bg3 30. d5 exd5 31. Nxd5 Bxd5 32. Rxd5 Rge8 33. Qf3 Re1+ 34.
Ka2 Bxf4 35. Bd3 Bh6 36. b4 Bg7 37. Qxf5 Rce8 38. Rd7 Ra1+ 39. Kb3 Rb1+ 40. Ka4
Qc6+ 41. b5 Qe6 42. Qxe6 Rxe6 43. Rxf7 Bc3 44. Rf8+ Kc7 45. Rf7+ Kb8 46. Rf8+
Kc7 47. Rf7+ Kd8 48. Rxb7 Bd4 49. Na5 Ke8 50. Nc6 Rd6 51. Nxa7 Bc5 52. Nc6 Rh6
53. g4 Rh4 54. Bf5 Rh3 55. Bd3 Rg3 56. Rg7 Ra1 57. Nb4 Rgg1 58. Rg5 Be7 59. Re5
Rxg4 60. Re4 Rg3 61. b6 Kd7 62. b7 Bd6 63. Rd4 Rg8 64. Bb5+ Kc7 65. Na6+ Kxb7
66. Rxd6 Rg4+ 67. Nb4 Rg3 68. Rd3 Rg4 69. c4 Rc1 70. Rd7+ Kb6 71. Rd6+ Kc7 72.
Rc6+ Kd8 73. Ka5 Rg7 74. Kb6 Rb1 75. Nd5 Rb3 76. a4 Rb1 77. a5 Rb3 78. a6 Ra3
79. Nc7 Re7 80. Ne6+ Ke8 81. Rc7+ Kf7 82. Nd8+ Kf6 83. Rxe7 Kxe7 84. Nc6+ Kd6
85. a7 Ra1 86. Na5 1-0

[Event "London Classic Superrapid"]
[Site "London ENG"]
[Date "2015.12.13"]
[Round "9.14"]
[White "Kilpatrick, Callum"]
[Black "Jumabayev, Rinat"]
[Result "0-1"]
[WhiteTitle "FM"]
[BlackTitle "GM"]
[WhiteElo "2352"]
[BlackElo "2599"]
[WhiteFideId "414425"]
[BlackFideId "13702661"]
[EventDate "2015.12.12"]

1. e4 c5 2. Nf3 d6 3. Bc4 Nf6 4. d3 e6 5. O-O Nc6 6. c3 Be7 7. Nbd2 O-O 8. Re1
Ne5 9. Nxe5 dxe5 10. Nf3 Qc7 11. Bg5 Rd8 12. a4 Bd7 13. Bxf6 Bxf6 14. b4 cxb4
15. cxb4 Rac8 16. Qb3 a6 17. b5 a5 18. Qb2 Be8 19. Rac1 Qb8 20. Rc2 Rc5 21. Rec1
Be7 22. h3 b6 23. Qc3 Kf8 24. Qb2 Qc7 25. Rc3 Rc8 26. R3c2 Qd6 27. Qa1 Rd8 28.
Qb2 Bd7 29. Rc3 Qb8 30. Ba2 Rxc3 31. Rxc3 Bd6 32. Qc2 h6 33. Rc4 Kg8 34. Qc3 Kh7
35. Bb1 Kh8 36. Qc1 Be8 37. Qc3 f6 38. Ba2 Bc5 39. Rxc5 bxc5 40. Bxe6 Bxb5 41.
axb5 Qxb5 42. Bc4 Qb4 43. Qc1 a4 44. Nd2 a3 45. Kh2 Rb8 46. Nb3 Qa4 47. Nxc5 Qa7
48. Ne6 Ra8 49. Bd5 a2 50. Bxa8 Qxa8 51. Qc7 Qg8 52. Nd8 a1=Q 53. Nf7+ Kh7 54.
Qd7 Qa2 0-1

[Event "London Classic Superrapid"]
[Site "London ENG"]
[Date "2015.12.13"]
[Round "9.15"]
[White "Speelman, Jon S"]
[Black "Hector, Jonny"]
[Result "1-0"]
[WhiteTitle "GM"]
[BlackTitle "GM"]
[WhiteElo "2517"]
[BlackElo "2489"]
[WhiteFideId "400033"]
[BlackFideId "1700090"]
[EventDate "2015.12.12"]

1. d4 d5 2. Nf3 Nf6 3. c4 c6 4. e3 Bf5 5. Nc3 e6 6. Nh4 Be4 7. f3 Bg6 8. Qb3 Qb6
9. Bd2 Qxb3 10. axb3 Bc2 11. cxd5 g5 12. dxe6 fxe6 13. Bc4 gxh4 14. Bxe6 Bg6 15.
Bc8 Nbd7 16. Bxb7 Rb8 17. Rxa7 c5 18. d5 Be7 19. Bc6 Rxb3 20. Ke2 Rxb2 21. Rha1
c4 22. e4 Bd6 23. Nd1 Rb8 24. Bc3 Bc5 25. Bxf6 Bxa7 26. Bxd7+ Kxd7 27. Rxa7+ Kd6
28. Ra6+ Kc5 29. Rc6+ Kb4 30. Bxh8 Rxh8 31. Ne3 c3 32. Rc4+ Kb3 33. Kd3 h3 34.
Rxc3+ Kb2 35. g4 h5 36. Nc4+ Kb1 37. g5 Ra8 38. Ra3 Rb8 39. f4 Be8 40. Kd4 1-0

[Event "London Classic Superrapid"]
[Site "London ENG"]
[Date "2015.12.13"]
[Round "9.16"]
[White "Cherniaev, Alexander"]
[Black "Arakhamia-Grant, Ketevan"]
[Result "1-0"]
[WhiteTitle "GM"]
[BlackTitle "GM"]
[WhiteElo "2441"]
[BlackElo "2353"]
[WhiteFideId "4117301"]
[BlackFideId "13600168"]
[EventDate "2015.12.12"]

1. e4 d6 2. Nc3 Nf6 3. f4 e5 4. Nf3 Nbd7 5. Bc4 Be7 6. d3 O-O 7. a3 c6 8. fxe5
Nxe5 9. Nxe5 dxe5 10. O-O Ng4 11. Qe1 Bh4 12. g3 Bg5 13. Bxg5 Qxg5 14. Nd1 Be6
15. Ba2 Rae8 16. h3 Nh6 17. Bxe6 Rxe6 18. h4 Qh5 19. Ne3 Rg6 20. Kh2 f5 21. exf5
Nxf5 22. Nxf5 Rxf5 23. Rxf5 Qxf5 24. Qe2 Rf6 25. Kg2 h6 26. Re1 b6 27. a4 c5 28.
b3 Rf8 29. Qe3 Re8 30. Qf3 Qd7 31. Rf1 Qe6 32. Qe4 Qd7 33. Qc4+ Qe6 34. Re1 Qxc4
35. bxc4 Kf7 36. Kf3 Ke6 37. a5 Rf8+ 38. Ke3 Kd6 39. axb6 axb6 40. Ra1 Rf7 41.
Ra8 Kc6 42. Re8 Kd6 43. Rd8+ Kc6 44. Rd5 Rf5 45. Ke4 Rf2 46. Rxe5 Kd6 47. Rf5
Re2+ 48. Kf3 Rxc2 49. Rf7 Rd2 50. Ke3 Rg2 51. Rxg7 h5 52. Rg5 Kc6 53. Rg6+ Kc7
54. Ke4 Kb7 55. Kf3 Rd2 56. Ke3 Rg2 57. Kf4 Ka6 58. Re6 Rf2+ 59. Ke3 Rg2 60. Kf3
Rd2 61. Rd6 Ka5 62. Ke3 Rg2 63. Kf4 Rf2+ 64. Kg5 Rg2 65. Kxh5 Rxg3 66. Kh6 b5
67. cxb5 Kxb5 68. h5 c4 69. dxc4+ Kxc4 70. Rg6 Rh3 71. Kg5 Kd5 72. h6 Ke5 73.
Ra6 Rg3+ 74. Kh5 Rh3+ 75. Kg6 Rg3+ 76. Kf7 Kf5 77. Ra5+ Ke4 78. h7 Rh3 79. Kg6 1-0

[Event "London Classic Superrapid"]
[Site "London ENG"]
[Date "2015.12.13"]
[Round "9.17"]
[White "Hamitevici, Vladimir"]
[Black "Rowson, Jonathan"]
[Result "1-0"]
[WhiteTitle "IM"]
[BlackTitle "GM"]
[WhiteElo "2430"]
[BlackElo "2569"]
[WhiteFideId "13902393"]
[BlackFideId "2400561"]
[EventDate "2015.12.12"]

1. Nf3 d5 2. c4 d4 3. b4 Bg4 4. Qb3 Bxf3 5. Qxf3 c6 6. g3 e5 7. Qb3 Nd7 8. Bg2
Ngf6 9. O-O a5 10. b5 Nc5 11. Qc2 cxb5 12. cxb5 Rc8 13. d3 Qd7 14. Na3 Nce4 15.
Qb2 Bxa3 16. Qxa3 Nc3 17. Qxa5 Nxe2+ 18. Kh1 O-O 19. b6 Rfe8 20. Bg5 Qf5 21.
Bxf6 Qxf6 22. Bxb7 e4 23. Qh5 Rc2 24. Bxe4 g6 25. Qf3 Qxb6 26. Bd5 Rf8 27. Bb3
Rd2 28. Rfe1 Nc3 29. Re7 Kh8 30. Rae1 Nxa2 31. Rxf7 Rxf7 32. Qxf7 1-0

[Event "London Classic Superrapid"]
[Site "London ENG"]
[Date "2015.12.13"]
[Round "9.18"]
[White "Karthik, V. AP"]
[Black "Strugnell, Carl"]
[Result "0-1"]
[BlackTitle "FM"]
[WhiteElo "2310"]
[BlackElo "2242"]
[WhiteFideId "25006479"]
[BlackFideId "616753"]
[EventDate "2015.12.12"]

1. d4 e6 2. c4 Nf6 3. Nc3 Bb4 4. Nf3 d5 5. cxd5 exd5 6. Bg5 h6 7. Bxf6 Qxf6 8.
Qa4+ Nc6 9. e3 O-O 10. Be2 a6 11. O-O Be6 12. Rfc1 Bd6 13. a3 Ne7 14. b4 c6 15.
Qb3 Nf5 16. a4 Rfc8 17. Nd1 g5 18. Ne1 Nh4 19. g3 Ng6 20. Nc3 Kg7 21. b5 axb5
22. axb5 Rxa1 23. Rxa1 Ne7 24. bxc6 bxc6 25. Ra6 h5 26. Bxh5 g4 27. h3 gxh3 28.
Bf3 Qg5 29. Ne2 Rb8 30. Qd1 Bf5 31. Ra1 Ng6 32. Kh2 Rb2 33. Qc1 Rb6 34. Qd1 Nh4
35. Bh1 Rb2 36. Nd3 Bxd3 37. Qxd3 Qg4 38. Re1 Nf3+ 39. Bxf3 Qxf3 40. Kxh3 Rb8 0-1

[Event "London Classic Superrapid"]
[Site "London ENG"]
[Date "2015.12.13"]
[Round "9.19"]
[White "Hebden, Mark L"]
[Black "Gulamali, Kazim"]
[Result "1/2-1/2"]
[WhiteTitle "GM"]
[BlackTitle "FM"]
[WhiteElo "2467"]
[BlackElo "2379"]
[WhiteFideId "400084"]
[BlackFideId "2024764"]
[EventDate "2015.12.12"]

1. d4 d5 2. Nf3 Nf6 3. c4 dxc4 4. e3 e6 5. Bxc4 a6 6. O-O c5 7. dxc5 Bxc5 8.
Qxd8+ Kxd8 9. Be2 Ke7 10. Nbd2 b6 11. Ng5 Bb7 12. Bf3 Bxf3 13. Ngxf3 Nbd7 14.
Ng5 Rhd8 15. Nge4 Bb4 16. Nxf6 Nxf6 17. Nc4 b5 18. Ne5 Rac8 19. a4 Rd5 20. Nf3
Ne4 21. axb5 axb5 22. Nd4 Nc5 23. b3 e5 24. Ra7+ Kf6 25. Nf3 Bc3 26. b4 Bxb4 27.
Bb2 Nd3 28. Ba1 g5 29. h4 gxh4 30. Rb7 Bc3 31. e4 Rdc5 32. Bxc3 Rxc3 33. Rxb5 h3
34. g3 Nc5 35. Rb6+ Ne6 36. Nh4 R8c4 37. Nf5 Rxe4 38. Ne3 Kg5 39. Kh2 h5 40.
Kxh3 h4 41. Rg1 Rcxe3 42. fxe3 Rxe3 43. Kh2 hxg3+ 44. Rxg3+ Rxg3 45. Kxg3 Kf5 1/2-1/2

[Event "London Classic Superrapid"]
[Site "London ENG"]
[Date "2015.12.13"]
[Round "9.20"]
[White "Williams, Simon K"]
[Black "Buckley, Graeme N"]
[Result "0-1"]
[WhiteTitle "GM"]
[BlackTitle "IM"]
[WhiteElo "2439"]
[BlackElo "2342"]
[WhiteFideId "404454"]
[BlackFideId "402265"]
[EventDate "2015.12.12"]

1. d4 Nf6 2. c4 e6 3. Nf3 b6 4. g3 Ba6 5. Qc2 Bb7 6. Bg2 c5 7. d5 exd5 8. O-O
dxc4 9. Nc3 d5 10. e4 d4 11. e5 Nfd7 12. e6 fxe6 13. Nxd4 Bxg2 14. Nxe6 Bxf1 15.
Nxd8 Bd3 16. Qa4 Kxd8 17. Bf4 g5 18. Bxg5+ Kc7 19. Re1 Kb7 20. Re6 Rg8 21. Bf4
Rg6 22. Re8 Nc6 23. Rxa8 Kxa8 24. Qa6 Ncb8 25. Qc8 Rc6 26. Qd8 Bg7 27. Nd5 Bxb2
28. a4 Bd4 29. a5 bxa5 30. Qxa5 Be5 31. Bd2 Be4 32. f4 Bd4+ 33. Ne3 Ra6 34. Qb5
c3 35. Bxc3 Bxc3 36. Nc4 Bd4+ 37. Kf1 Ra1+ 38. Ke2 Ra2+ 39. Kd1 Bc6 0-1

[Event "London Classic Superrapid"]
[Site "London ENG"]
[Date "2015.12.13"]
[Round "10.2"]
[White "Melkumyan, Hrant"]
[Black "Hawkins, Jonathan"]
[Result "1-0"]
[WhiteTitle "GM"]
[BlackTitle "GM"]
[WhiteElo "2632"]
[BlackElo "2563"]
[WhiteFideId "13302485"]
[BlackFideId "412686"]
[EventDate "2015.12.12"]

1. c4 Nf6 2. Nc3 e6 3. d4 d5 4. Nf3 Be7 5. g3 O-O 6. Bg2 dxc4 7. Ne5 Nc6 8. Bxc6
bxc6 9. Nxc6 Qe8 10. Nxe7+ Qxe7 11. Qa4 c5 12. dxc5 Qxc5 13. Be3 Qc7 14. f3 Nd5
15. Nxd5 exd5 16. Bd4 Bd7 17. Qa3 Rfe8 18. Kf2 f6 19. Rad1 Rab8 20. Qc3 Rb7 21.
Qd2 Qd6 22. Bc3 Qb6+ 23. Qd4 Qxd4+ 24. Rxd4 Bc6 25. g4 Rbe7 26. Rd2 Kf7 27. h4
h5 28. Rg1 hxg4 29. Rxg4 a6 30. Bd4 Rb7 31. Rd1 Bd7 32. Rf4 Rbb8 33. Rg1 Rh8 34.
Rg5 Be6 35. Rg1 Rh5 36. Rxg7+ Kxg7 37. Rxf6 Kg8 38. Rxe6 Rxh4 39. Be5 Rb5 40.
Kg3 Rh5 41. Bd4 Ra5 42. a3 Kf7 43. Rb6 Ke7 44. Bc3 Ra4 45. e3 Kd7 46. Kf4 Kc7
47. Rf6 Rh4+ 48. Ke5 Rh5+ 49. Rf5 1-0

[Event "London Classic Superrapid"]
[Site "London ENG"]
[Date "2015.12.13"]
[Round "10.3"]
[White "Howell, David W L"]
[Black "Cherniaev, Alexander"]
[Result "1/2-1/2"]
[WhiteTitle "GM"]
[BlackTitle "GM"]
[WhiteElo "2693"]
[BlackElo "2441"]
[WhiteFideId "410608"]
[BlackFideId "4117301"]
[EventDate "2015.12.12"]

1. c4 e5 2. Nc3 d6 3. g3 f5 4. Bg2 c6 5. d4 Be7 6. b3 Nf6 7. Bb2 Na6 8. Nh3 h6
9. d5 c5 10. e4 O-O 11. f4 Nxe4 12. fxe5 dxe5 13. Nxe4 fxe4 14. Nf2 Qa5+ 15. Ke2
e3 16. Kxe3 Bg5+ 17. Ke2 e4 18. Bxe4 Bd7 19. Re1 Bd2 20. Rf1 Bc3 21. Bxc3 Qxc3
22. Qd3 Qb2+ 23. Qd2 Rxf2+ 24. Rxf2 Qxa1 25. Qf4 Qxa2+ 26. Ke1 Qa1+ 27. Ke2 Qb2+
28. Ke1 Qf6 29. Qxf6 gxf6 30. Rxf6 Re8 31. Rf4 Bf5 32. Rxf5 Rxe4+ 33. Kd2 Kg7
34. Kd3 Re1 35. Kd2 Re8 36. g4 Nb8 37. h3 Nd7 38. Rf3 Re4 39. Rf1 a5 40. Kd3
Rd4+ 41. Kc3 Ne5 42. Rf5 Nf7 43. Rf1 Nd6 44. Re1 Ne4+ 45. Kc2 Kf6 46. Rf1+ Kg6
47. Rf8 Rd2+ 48. Kc1 Rd3 49. Kc2 Rxh3 50. Re8 Rh2+ 51. Kc1 Nf6 52. Re7 Rh4 53.
Rxb7 Rxg4 54. Rb5 Ne4 55. Rb6+ Kh5 56. Re6 Ng5 57. Rc6 a4 58. Rxc5 axb3 59. Kb2
Rd4 60. Kxb3 Ne4 61. Rc8 Kg6 62. Rg8+ Kh7 63. Rg1 h5 64. Kb4 Kh6 65. Rh1 Kg5 66.
Rg1+ Kf5 67. Rh1 Kg4 68. Rg1+ Ng3 69. Kc5 Rd2 70. Kc6 h4 71. d6 h3 72. d7 Kf3
73. Kc7 h2 74. Ra1 Kf2 75. d8=Q Rxd8 76. Kxd8 Ne4 77. c5 1/2-1/2

[Event "London Classic Superrapid"]
[Site "London ENG"]
[Date "2015.12.13"]
[Round "10.5"]
[White "Eggleston, David J"]
[Black "Bauer, Christian"]
[Result "1-0"]
[WhiteTitle "IM"]
[BlackTitle "GM"]
[WhiteElo "2399"]
[BlackElo "2626"]
[WhiteFideId "412120"]
[BlackFideId "603767"]
[EventDate "2015.12.12"]

1. e4 e6 2. d4 d5 3. Nc3 Nc6 4. Nf3 Nf6 5. e5 Ne4 6. Ne2 Bd7 7. Ng3 f5 8. Bd3
Be7 9. h4 O-O 10. Qe2 Nb4 11. Nh5 c5 12. a3 Nc6 13. c3 cxd4 14. cxd4 Qa5+ 15.
Kf1 Qb6 16. Be3 Na5 17. g3 Nb3 18. Rb1 Rac8 19. Kg2 Rc7 20. Nf4 Rfc8 21. h5 a6
22. Ng6 Bb5 23. Nxe7+ Rxe7 24. h6 g6 25. Rhd1 Rec7 26. Ne1 Ba4 27. f3 Na5 28.
Rdc1 Rxc1 29. Rxc1 Rxc1 30. Bxc1 Qxd4 31. fxe4 dxe4 32. Bc2 Bc6 33. Be3 Qd5 34.
b3 Nxb3 35. Qd1 Na5 36. Qxd5 Bxd5 37. Bd4 Nc6 38. Bc3 Kf7 39. Kf2 g5 40. Ng2 Ne7
41. Ne3 Bc6 42. Bb3 Bd7 43. Bb4 Nc6 44. Nxf5 Nxe5 45. Nd6+ Kg6 46. Nxb7 Ng4+ 47.
Ke1 Kxh6 48. Nc5 Bc6 49. Nxe6 Ne5 50. Ke2 Kg6 51. Nd4 Bb7 52. Ne6 h5 53. Bc3 Ng4
54. Nd8 Ba8 55. Bf7+ Kh6 56. Ne6 h4 57. gxh4 gxh4 58. Nf4 Kg5 59. Nh3+ Kf5 60.
Bc4 Bb7 61. a4 e3 62. Bd3+ Ke6 63. Nf4+ Kd6 64. Be1 Nf2 65. Kxe3 Nxd3 66. Kxd3
Bc6 67. a5 Kc5 68. Bxh4 Bb5+ 69. Kc3 Bf1 70. Bd8 Bb5 71. Bb6+ Kc6 72. Ne6 Bf1
73. Kd4 Be2 74. Ke5 Bf1 75. Nd4+ Kd7 76. Kd5 Bg2+ 77. Kc5 Bf1 78. Kb4 Kd6 79.
Nf5+ Ke6 80. Ne3 Be2 81. Kc5 Kd7 82. Nd5 Bf3 83. Nf6+ Ke6 84. Bd8 Be2 85. Kb6
Bd3 86. Ng4 Be2 87. Ne3 Bd3 88. Nd1 Kd7 89. Bh4 Kd6 90. Bg3+ Kd5 91. Nc3+ 1-0

[Event "London Classic Superrapid"]
[Site "London ENG"]
[Date "2015.12.13"]
[Round "10.6"]
[White "Strugnell, Carl"]
[Black "Pert, Nicholas"]
[Result "0-1"]
[WhiteTitle "FM"]
[BlackTitle "GM"]
[WhiteElo "2242"]
[BlackElo "2569"]
[WhiteFideId "616753"]
[BlackFideId "403989"]
[EventDate "2015.12.12"]

1. e4 e6 2. d4 d5 3. Nc3 Bb4 4. a3 Bxc3+ 5. bxc3 dxe4 6. Qg4 Nf6 7. Qxg7 Rg8 8.
Qh6 Rg6 9. Qe3 Nc6 10. Ne2 Ne7 11. Ng3 Ned5 12. Qd2 Bd7 13. c4 Ne7 14. Bb2 Bc6
15. O-O-O Qd6 16. Be2 Ng4 17. Bxg4 Rxg4 18. Qe2 Rg6 19. Kb1 Qf4 20. Bc1 Qg4 21.
Rhe1 O-O-O 22. Qxg4 Rxg4 23. h3 Rg6 24. Bf4 a6 25. Kb2 b5 26. cxb5 axb5 27. Nxe4
Rxg2 28. f3 Nf5 29. Be5 Nd6 30. Bxd6 cxd6 31. Rg1 Rg6 32. h4 f5 33. Rxg6 hxg6
34. Ng5 Kd7 35. Kc3 Ra8 36. Kb2 Bd5 37. Rh1 Ke7 38. Rh2 e5 39. Re2 Kf6 40. dxe5+
dxe5 41. Rd2 Rd8 42. Nh7+ Ke7 43. Ng5 Rd7 44. Kc3 Rc7+ 45. Kb4 Bc4 46. Rh2 Ra7
47. h5 gxh5 48. Rxh5 Kf6 49. Nh3 Ra4+ 50. Kc5 Rxa3 51. f4 Bf1 52. fxe5+ Kxe5 53.
Nf2 Rc3+ 54. Kb4 Rxc2 55. Nd1 Rc4+ 56. Kb3 Be2 0-1

[Event "London Classic Superrapid"]
[Site "London ENG"]
[Date "2015.12.13"]
[Round "10.7"]
[White "Edouard, Romain"]
[Black "Hillarp Persson, Tiger"]
[Result "1-0"]
[WhiteTitle "GM"]
[BlackTitle "GM"]
[WhiteElo "2635"]
[BlackElo "2539"]
[WhiteFideId "633429"]
[BlackFideId "1700812"]
[EventDate "2015.12.12"]

1. d4 g6 2. c4 Bg7 3. e4 d6 4. Nc3 e5 5. Nf3 Nc6 6. d5 Nd4 7. Be3 Bg4 8. Be2
Bxf3 9. gxf3 c5 10. dxc6 bxc6 11. f4 Ne7 12. h4 Rb8 13. fxe5 dxe5 14. b3 h5 15.
Qd2 O-O 16. Rd1 Kh7 17. f4 Qa5 18. Bxd4 exd4 19. Na4 Qc7 20. Bd3 Rbe8 21. O-O
Ng8 22. Qg2 Nf6 23. Rde1 Ng4 24. Qg3 f6 25. Kh1 Re7 26. Qf3 Rfe8 27. Re2 f5 28.
e5 Bxe5 29. fxe5 Rxe5 30. Qg3 Qa5 31. Rfe1 Re3 32. Rxe3 dxe3 33. Re2 Qd8 34. Bc2
Qd4 35. Qc7+ Kh6 36. Qxc6 Nf2+ 37. Kg1 Qa1+ 38. Kh2 Re4 39. Bxe4 fxe4 40. Kg3
Qe5+ 41. Kg2 Ng4 42. Kf1 Qa1+ 43. Kg2 Qe5 44. Kf1 Nh2+ 45. Rxh2 Qxh2 46. Qf6 Qd2
47. Qh8# 1-0

[Event "London Classic Superrapid"]
[Site "London ENG"]
[Date "2015.12.13"]
[Round "10.8"]
[White "Suarez Real, Alberto"]
[Black "Hammer, Jon Ludvig"]
[Result "0-1"]
[WhiteTitle "IM"]
[BlackTitle "GM"]
[WhiteElo "2383"]
[BlackElo "2682"]
[WhiteFideId "2218534"]
[BlackFideId "1503707"]
[EventDate "2015.12.12"]

1. e4 e5 2. Nf3 Nc6 3. d4 exd4 4. Nxd4 Bc5 5. Nxc6 Qf6 6. Qf3 dxc6 7. Bc4 Qxf3
8. gxf3 Be6 9. Bxe6 fxe6 10. Be3 Bd6 11. Nd2 O-O-O 12. Nc4 Be7 13. Rg1 g6 14.
Ne5 Rf8 15. Rd1 Bd6 16. Nc4 Be7 17. Ne5 Nf6 18. Bg5 Bd6 19. Nc4 Bc5 20. Be3 Be7
21. Bg5 a6 22. Ke2 Re8 23. Bxf6 Bxf6 24. e5 Be7 25. Nd6+ Bxd6 26. exd6 Rd8 27.
dxc7 Rd5 28. Rg4 Rf8 29. Rdd4 Kxc7 30. Rh4 Rf7 31. c4 Rxd4 32. Rxd4 c5 33. Rd3
Rf4 34. Re3 Rxc4 35. Rxe6 Rc2+ 36. Ke3 Rxb2 37. Re7+ Kc6 38. Rxh7 Rxa2 39. Rg7
b5 40. Rxg6+ Kd5 41. h4 Ra1 42. h5 Rh1 43. h6 a5 44. f4 a4 45. f5 a3 46. Ra6 b4
47. Kf4 b3 48. Rxa3 b2 49. Rb3 b1=Q 50. Rxb1 Rxb1 51. Kg5 c4 0-1

[Event "London Classic Superrapid"]
[Site "London ENG"]
[Date "2015.12.13"]
[Round "10.9"]
[White "Ghasi, Ameet K"]
[Black "Fodor, Tamas Jr."]
[Result "0-1"]
[WhiteTitle "IM"]
[BlackTitle "GM"]
[WhiteElo "2469"]
[BlackElo "2491"]
[WhiteFideId "409200"]
[BlackFideId "723762"]
[EventDate "2015.12.12"]

1. Nf3 Nf6 2. g3 b5 3. Bg2 Bb7 4. O-O e6 5. d3 Be7 6. e4 d6 7. Nbd2 Nbd7 8. Qe2
c5 9. a4 a6 10. c3 Bc6 11. a5 Rc8 12. Ng5 h6 13. Nh3 e5 14. f4 Qc7 15. Kh1 Ba8
16. Ng1 Nb8 17. Ngf3 Nc6 18. Nh4 g6 19. Ndf3 Rd8 20. Be3 Qc8 21. b4 cxb4 22.
cxb4 exf4 23. gxf4 Nxb4 24. Bb6 Qg4 25. Bxd8 Bxd8 26. e5 Nfd5 27. exd6+ Kf8 28.
h3 Qd7 29. Ne5 Qxd6 30. Qf2 Kg7 31. Qa7 Be7 32. Rae1 Rf8 33. Qf2 Qf6 34. Nhf3
Qxf4 35. Re4 Qf5 36. Qg3 Nf6 37. Nd4 Qg5 38. Qxg5 hxg5 39. Ree1 Bxg2+ 40. Kxg2
Nbd5 41. Nec6 Bd6 42. Rf3 Nf4+ 43. Kf1 Rh8 44. Ree3 N6d5 45. Re4 Nxh3 46. Ne2
Nhf4 47. Kf2 Bc5+ 48. d4 Bd6 49. Nc3 Rh2+ 50. Kg1 Rc2 51. Nxd5 Nxd5 52. Nd8 Bf4
53. Nb7 f5 54. Re6 g4 55. Rf2 Be3 56. Rxe3 Rc1+ 57. Kh2 Nxe3 58. Nc5 g5 59. Ne6+
Kf6 60. d5 Nxd5 0-1

[Event "London Classic Superrapid"]
[Site "London ENG"]
[Date "2015.12.13"]
[Round "10.10"]
[White "Grigoriants, Sergey"]
[Black "Hamitevici, Vladimir"]
[Result "1-0"]
[WhiteTitle "GM"]
[BlackTitle "IM"]
[WhiteElo "2603"]
[BlackElo "2430"]
[WhiteFideId "4130804"]
[BlackFideId "13902393"]
[EventDate "2015.12.12"]

1. Nf3 b6 2. d4 Bb7 3. c4 e6 4. Bf4 f5 5. e3 Nf6 6. Be2 Bb4+ 7. Nbd2 O-O 8. O-O
Nh5 9. Bg5 Be7 10. Bxe7 Qxe7 11. d5 Nf6 12. Nd4 exd5 13. Nxf5 Qe5 14. Nd4 dxc4
15. Nxc4 Qg5 16. Nf3 Qh5 17. Rc1 d5 18. Nce5 c5 19. Nd3 Nc6 20. b4 c4 21. Nf4
Qf5 22. b5 Ne5 23. Nd4 Qd7 24. a4 Rae8 25. a5 Ne4 26. axb6 axb6 27. Ra1 Nc5 28.
Bf3 Ra8 29. Rxa8 Bxa8 30. Be2 Bb7 31. h4 g6 32. Qc2 Qf7 33. Rd1 h6 34. Nf3 Ncd7
35. Qb2 Ng4 36. Qd4 Ngf6 37. Ne5 Nxe5 38. Qxe5 Rc8 39. Bf3 Rc5 40. Qb8+ Kh7 41.
Ra1 c3 42. Rc1 Ne4 43. h5 g5 44. Bxe4+ dxe4 45. Ng6 Qg7 46. Nf8+ Kh8 47. Ne6+ 1-0

[Event "London Classic Superrapid"]
[Site "London ENG"]
[Date "2015.12.13"]
[Round "10.11"]
[White "Jumabayev, Rinat"]
[Black "Krishna C R G"]
[Result "1-0"]
[WhiteTitle "GM"]
[BlackTitle "IM"]
[WhiteElo "2599"]
[BlackElo "2367"]
[WhiteFideId "13702661"]
[BlackFideId "5018625"]
[EventDate "2015.12.12"]

1. d4 d5 2. c4 c6 3. Nf3 Nf6 4. Qb3 dxc4 5. Qxc4 Bf5 6. g3 e6 7. Bg2 Nbd7 8. O-O
Be7 9. Rd1 O-O 10. e3 h6 11. Qe2 Qc7 12. Nc3 e5 13. h3 Rfe8 14. e4 exd4 15. Nxd4
Bg6 16. Bf4 Ne5 17. Rac1 Bf8 18. Nd5 Qd8 19. Ne3 Qc8 20. Ndf5 Nh5 21. Nh4 Nxf4
22. gxf4 Be7 23. fxe5 Bxh4 24. f4 Bh7 25. Qf3 Qe6 26. Nc4 Rad8 27. Nd6 Rf8 28.
Bf1 Be7 29. Nxb7 Rb8 30. Na5 Rxb2 31. Nxc6 Bh4 32. f5 Qxa2 33. Ra1 Bf2+ 34. Kh1
Qb3 35. Qxb3 Rxb3 36. Rd7 Re3 37. Kg2 Bh4 38. Ra4 Kh8 39. Rdxa7 Bg8 40. Bb5 Rg3+
41. Kf1 Rxh3 42. Bc4 Rc3 43. Bd5 Rc8 44. R4a6 Kh7 45. Ke2 Bg5 46. Ra8 Rc7 47.
Rb8 Rc2+ 48. Kd3 Rd2+ 49. Kc3 Rg2 50. Raa8 Bd2+ 51. Kd3 h5 52. Rxg8 Kh6 53. Ra2 1-0

[Event "London Classic Superrapid"]
[Site "London ENG"]
[Date "2015.12.13"]
[Round "10.12"]
[White "Gharamian, Tigran"]
[Black "Pert, Richard G"]
[Result "1-0"]
[WhiteTitle "GM"]
[BlackTitle "IM"]
[WhiteElo "2654"]
[BlackElo "2448"]
[WhiteFideId "13301527"]
[BlackFideId "404748"]
[EventDate "2015.12.12"]

1. e4 c5 2. Nf3 d6 3. Bb5+ Nd7 4. c3 Nf6 5. Qe2 a6 6. Ba4 b5 7. Bc2 Bb7 8. O-O
e6 9. d4 Be7 10. Nbd2 cxd4 11. cxd4 Rc8 12. Bd3 O-O 13. Re1 Re8 14. Nf1 e5 15.
d5 Nc5 16. Bc2 b4 17. Ng3 g6 18. Be3 a5 19. Qd2 Ng4 20. Bxc5 Rxc5 21. Ba4 Rf8
22. Rac1 Rxc1 23. Rxc1 Qb6 24. h3 Nf6 25. Bc6 Rc8 26. Bxb7 Qxb7 27. Rc2 Bd8 28.
Qc1 Rxc2 29. Qxc2 Bb6 30. Nf1 Qa7 31. g3 Bc5 32. b3 Kg7 33. Kg2 h6 34. N1h2 Qa6
35. Ng4 Nxg4 36. hxg4 Qa7 37. Ne1 Bd4 38. Nf3 Bc3 39. Ng1 Bd4 40. Nf3 Bc3 41.
Kf1 Qd7 42. Nh2 Qb5+ 43. Kg2 Qc5 44. Nf1 Qb5 45. Ne3 Qa6 46. a4 Qc8 47. Qe2 Bd4
48. Nc4 Qc5 49. Qd2 Bc3 50. Qe3 Bd4 51. Qf3 Bc3 52. Qd3 Bd4 53. Qc2 Bc3 54. Ne3
Qd4 55. Kf3 Qc5 56. Ke2 Kh7 57. Nc4 Bd4 58. Kf1 Kg7 59. Kg2 Kh7 60. Qd2 Kg7 61.
Qe2 Kg8 62. f4 Kg7 63. Qf3 Bc3 64. Qf2 Bd4 65. Qf3 Bc3 66. Kh3 Bd4 67. f5 Bc3
68. Kg2 Bd4 69. Kh3 Bc3 70. Kh2 Bd4 71. Kg2 Bc3 72. Kh3 Bd4 73. Kg2 Bc3 74. fxg6
fxg6 75. g5 hxg5 76. Qg4 Be1 77. Qe2 Bc3 78. Qe3 Bd4 79. Qxg5 Bg1 80. Qe7+ Kh6
81. Qf8+ Kh7 82. Qf7+ Kh6 83. Qf8+ Kh7 84. Qf7+ Kh6 85. Qf1 Be3 86. Qf8+ Kh7 87.
Qxd6 Qd4 88. Qe7+ Kg8 89. Qxe5 Qd3 90. Qe8+ Kg7 91. Qxg6+ Kh8 92. Qh5+ Kg7 93.
Qg4+ Kh8 94. Qf3 Qc2+ 95. Kh3 Bg1 96. d6 Qh2+ 97. Kg4 Qh6 98. Qf5 Qg7+ 99. Qg5
Qd7+ 100. Kf3 Bd4 101. Qh5+ Kg7 102. Qg4+ 1-0